000 00630nam a22001817a 4500
003 OSt
005 20180209161534.0
008 180131b xxu||||| |||| 00| 0 eng d
040 _aBMC
_cBMC
082 _a972.84052
100 1 _942175
_aÁlvarez Geoffroy, Mauricio
245 4 0 _aMis recuerdos de la época de oro de El Salvador
_b: 1950's y 1960's
_cMauricio Álvarez Geoffroy
260 _aSan Salvador, El Salvador
_b[s.n.]
_c2016
_eImpresos Quijano
300 _a167 p.
_bil.
_c28 cm
500 _aEn la cub.: fotos de más de mil personas de esa época
651 2 4 _99508
_aEl Salvador
_xHistoria
_y1944-1979
942 _2ddc
_cBK
999 _c28902
_d28902